Logo Quiz - litera P - Statystyki

Ogólne statystyki
  • Ten quiz został rozwiązany 38 razy
    28 od ostatniego zresetowania
  • Średni wynik to 20 z 26
Statystyki odpowiedzi
Obrazkowy Hint Odpowiedź % Poprawnych
Konsola do gier Playstation
100%
Marka odzieżowa Puma
100%
Napój Pepsi
92%
Social Media Pinterest
92%
Kanał telewizyjny Polsat
92%
Marka samochodów Porsche
92%
Elektronika Panasonic
88%
Studio animacyjne Pixar
88%
Telefonia komórkowa Play
88%
Telefonia komórkowa Plus
88%
Marka Karma dla zwierząt Pedigree
84%
Sklep detaliczny Pepco
84%
Elektronika Philips
84%
Jedzenie Pringles
84%
Marka samochodów Peugeot
76%
Sklep spożywczy Polo Market
76%
Ubezpieczenia PZU
76%
Piłka nożna Paris Saint-Germain
72%
Przyprawy Prymat
72%
Marka odzieżowa Prada
68%
Piłka nożna Pogoń Szczecin
64%
Sklep odzieżowy Pull & Bear
60%
Producent karmy dla zwierząt Purina
48%
Elektronika Pioneer
44%
Gra komputerowa Portal
44%
Marka samochodów Pagani
24%
Nie znaleziono quizów pasujących do podanych kryteriów
Rozkład punktacji
Procent ludzi z każdym wynikiem
Percentyl według liczby udzielonych odpowiedzi
Twoja historia wyników
Nie rozwiązałeś tego quizu od ostatniego zresetowania